[Event "XIII Corsicoscacchi FIDE"]
[Site "Corsico ITA"]
[Date "1997.05.01"]
[Round "1"]
[White "Piantoni, Roberto"]
[Black "Tomasi, Diego"]
[Result "1/2-1/2"]
[WhiteElo "2170"]
[BlackElo "2045"]
[PlyCount "72"]
[EventDate "1997.05.01"]

1. d4 e6 2. e4 d5 3. Nc3 Nc6 4. exd5 exd5 5. Bb5 Nf6 6. Nge2 Be7 7. O-O O-O 8.
Bg5 Nb8 9. Bd3 c6 10. Ng3 Re8 11. Re1 h6 12. Bf4 Be6 13. Qd2 Bf8 14. Nce2 Nbd7
15. c3 Qb6 16. b4 a5 17. a3 Ra7 18. Ra2 Rea8 19. Rea1 Ne4 20. Bxe4 dxe4 21. d5
Bxd5 22. Be3 Qc7 23. Rc2 Ra6 24. b5 Rb6 25. c4 Be6 26. Bxb6 Nxb6 27. bxc6 Nxc4
28. cxb7 Qxb7 29. Qc1 Rc8 30. Rc3 Be7 31. Rb1 Qa8 32. Qf4 Bd5 33. Nf5 Bf6 34.
Rg3 Kf8 35. Qc1 Nd6 36. Qf4 Nxf5 1/2-1/2

[Event "XIII Corsicoscacchi FIDE"]
[Site "Corsico ITA"]
[Date "1997.05.01"]
[Round "1"]
[White "Rodighiero, Giuseppe"]
[Black "Dallaglio, Giovanni"]
[Result "1-0"]
[WhiteElo "2185"]
[BlackElo "2075"]
[PlyCount "43"]
[EventDate "1997.05.01"]

1. d4 Nf6 2. Nf3 e6 3. Bg5 c5 4. e3 b6 5. Nbd2 Bb7 6. Bd3 h6 7. Bxf6 Qxf6 8. c3
d6 9. dxc5 bxc5 10. Bb5+ Bc6 11. Bxc6+ Nxc6 12. Qa4 Rc8 13. Nc4 Qd8 14. O-O-O
Qc7 15. e4 Be7 16. Rd2 O-O 17. Rhd1 Rfd8 18. Kb1 g6 19. g4 Kg7 20. h4 Ne5 21.
Ncxe5 dxe5 22. Rd7 1-0

[Event "XIII Corsicoscacchi FIDE"]
[Site "Corsico ITA"]
[Date "1997.05.01"]
[Round "1"]
[White "Rossi, Giampiero"]
[Black "Profumo, Alberto"]
[Result "0-1"]
[WhiteElo "2140"]
[BlackElo "2163"]
[PlyCount "92"]
[EventDate "1997.05.01"]

1. d4 Nf6 2. c4 g6 3. g3 Bg7 4. Bg2 O-O 5. Nc3 d6 6. Nf3 Nbd7 7. O-O e5 8. Qc2
c6 9. Rd1 Qe7 10. h3 Re8 11. dxe5 Nxe5 12. Nxe5 dxe5 13. Be3 Be6 14. b3 Red8
15. Rxd8+ Qxd8 16. Rd1 Qc7 17. Qd2 Bf8 18. Bg5 Be7 19. Qc1 Rd8 20. Rxd8+ Qxd8
21. Qd2 Qxd2 22. Bxd2 Bb4 23. Ne4 Bxd2 24. Nxd2 Kf8 25. e3 Ke7 26. Kf1 Kd6 27.
b4 b6 28. Ke2 c5 29. b5 g5 30. Kd3 h6 31. Kc3 Bf5 32. a4 e4 33. Kb3 Bg6 34. a5
Ke5 35. a6 Ne8 36. Kc3 f5 37. Bf1 Nd6 38. Nb3 Be8 39. Be2 h5 40. h4 gxh4 41.
gxh4 f4 42. exf4+ Kxf4 43. Bxh5 Bxh5 44. Nxc5 Bf7 45. Nd7 Nxc4 46. Kd4 Nd6 0-1

[Event "XIII Corsicoscacchi FIDE"]
[Site "Corsico ITA"]
[Date "1997.05.01"]
[Round "2"]
[White "Capece, Adolivio"]
[Black "Caruso, Daniele"]
[Result "1/2-1/2"]
[WhiteElo "1955"]
[BlackElo "2150"]
[PlyCount "140"]
[EventDate "1997.05.01"]

1. c4 e5 2. Nc3 Nc6 3. g3 g6 4. Bg2 Bg7 5. d3 d6 6. Nf3 h6 7. Rb1 a5 8. Bd2 Be6
9. a3 Qd7 10. Nd5 Nge7 11. e4 a4 12. O-O Nd8 13. Be3 Nxd5 14. cxd5 Bg4 15. Qd2
g5 16. d4 f6 17. Rbc1 h5 18. dxe5 dxe5 19. Qc2 Rc8 20. Rfd1 Nf7 21. Rd3 Bf8 22.
Rc3 Bd6 23. Nd2 b5 24. Bf1 Bh3 25. Bxh3 Qxh3 26. Bb6 h4 27. Nf1 hxg3 28. fxg3
g4 29. Bxc7 Rxc7 30. Rxc7 Bxc7 31. Qxc7 O-O 32. Qd7 Ng5 33. Rc7 Rf7 34. Qe8+
Kg7 35. Rxf7+ Nxf7 36. Qd7 Kf8 37. Qc8+ Kg7 38. Qd7 Kf8 39. Qf5 Qh6 40. Qc8+
Ke7 41. Qc5+ Ke8 42. Qxb5+ Kf8 43. Qc5+ Kg7 44. Ne3 Kh7 45. Nxg4 Qd2 46. Nf2
Ng5 47. Qc3 Qe2 48. Kg2 Kg6 49. h4 Nxe4 50. Qf3 Qxf3+ 51. Kxf3 Nd2+ 52. Ke2 Nc4
53. Kd3 Nb6 54. d6 Kf5 55. g4+ Ke6 56. h5 Nd7 57. Ne4 f5 58. gxf5+ Kxf5 59. h6
Kg6 60. Ng5 Kxh6 61. Ne6 Kg6 62. Kc4 e4 63. Nc5 Nxc5 64. Kxc5 e3 65. d7 e2 66.
d8=Q e1=Q 67. Qg8+ Kh6 68. Qh8+ Kg6 69. Qg8+ Kh6 70. Qh8+ Kg6 1/2-1/2

[Event "XIII Corsicoscacchi FIDE"]
[Site "Corsico ITA"]
[Date "1997.05.01"]
[Round "2"]
[White "Castaldo, Folco"]
[Black "Bonugli, Carlo"]
[Result "1-0"]
[WhiteElo "1987"]
[BlackElo "2075"]
[PlyCount "133"]
[EventDate "1997.05.01"]

1. e4 e6 2. d4 d5 3. Nd2 Nf6 4. e5 Nfd7 5. Bd3 c5 6. c3 Nc6 7. Ne2 Qb6 8. O-O
cxd4 9. cxd4 f6 10. Nf4 Nxd4 11. Qh5+ Ke7 12. Ng6+ hxg6 13. exf6+ Nxf6 14. Qxh8
Kf7 15. f4 Bd7 16. Kh1 Bc6 17. Qh3 Bb5 18. Nf3 Nxf3 19. Qxf3 Bc6 20. Qe2 Bc5
21. Re1 Ne4 22. Bxe4 dxe4 23. Be3 Bxe3 24. Qxe3 Qxe3 25. Rxe3 Rd8 26. Rae1 Rd2
27. R3e2 Rd3 28. Kg1 Kf6 29. Kf2 Kf5 30. Re3 Rd2+ 31. R1e2 Rxe2+ 32. Rxe2 Kxf4
33. g3+ Kf5 34. Ke3 g5 35. Rc2 Kf6 36. Rf2+ Ke5 37. Rf7 g6 38. Rg7 Kf6 39. Rc7
Ke5 40. b4 Bd5 41. b5 Kf5 42. h3 e5 43. a4 g4 44. h4 a6 45. bxa6 bxa6 46. a5
Ke6 47. Rg7 Kf6 48. Ra7 Bc4 49. Kxe4 Bf1 50. Rc7 Bg2+ 51. Ke3 Bf1 52. Rc6+ Kf5
53. Rc8 Bb5 54. Rb8 Bc4 55. Rf8+ Ke6 56. Kd2 Bb5 57. Kc3 Be2 58. Kd2 Bc4 59.
Rc8 Bb5 60. Ke3 Bf1 61. Rc1 Bb5 62. Ke4 Bd7 63. Rc5 Kf6 64. Rxe5 Ba4 65. Kf4
Bc2 66. Rc5 Bd1 67. Rc6+ 1-0

[Event "XIII Corsicoscacchi FIDE"]
[Site "Corsico ITA"]
[Date "1997.05.01"]
[Round "2"]
[White "Dallaglio, Giovanni"]
[Black "Rossi, Giampiero"]
[Result "1-0"]
[WhiteElo "2075"]
[BlackElo "2140"]
[PlyCount "59"]
[EventDate "1997.05.01"]

1. d4 d5 2. c4 e6 3. Nf3 Nf6 4. g3 Nbd7 5. Bg2 Be7 6. O-O O-O 7. b3 c6 8. Nc3
b6 9. Qd3 Bb7 10. e4 Rc8 11. cxd5 cxd5 12. e5 Ne8 13. a4 Qc7 14. Nb5 Qb8 15. h4
Ba6 16. Bg5 Bxg5 17. Nxg5 g6 18. h5 Ng7 19. hxg6 hxg6 20. g4 Rfe8 21. Qh3 Nf8
22. Nd6 Re7 23. Nxc8 Qxc8 24. Rfc1 Rc7 25. Qe3 Ne8 26. Bf1 Bxf1 27. Kxf1 Qb7
28. Kg2 Qc8 29. Rxc7 Qxc7 30. Rh1 1-0

[Event "XIII Corsicoscacchi FIDE"]
[Site "Corsico ITA"]
[Date "1997.05.01"]
[Round "2"]
[White "Duarte, Riccardo"]
[Black "Facchetti, Gianni"]
[Result "0-1"]
[WhiteElo "2010"]
[BlackElo "2125"]
[PlyCount "112"]
[EventDate "1997.05.01"]

1. e4 e5 2. Nf3 Nc6 3. Bc4 d6 4. d3 Bg4 5. Be3 Qf6 6. c3 Bxf3 7. Qxf3 Qxf3 8.
gxf3 a6 9. Bb3 g6 10. Nd2 Bh6 11. Nf1 Bxe3 12. fxe3 Nf6 13. Ng3 h5 14. h4 Ke7
15. f4 Ng4 16. Ke2 Na5 17. Bc2 Rhf8 18. f5 c5 19. Raf1 b5 20. Bd1 Rad8 21. Kd2
Nf6 22. Rhg1 c4 23. d4 Nc6 24. d5 Na5 25. Bf3 Rg8 26. Ne2 Nb7 27. Rg2 gxf5 28.
Rxg8 Rxg8 29. exf5 Nc5 30. Rg1 Rxg1 31. Nxg1 e4 32. Be2 Nd3 33. b3 Ng4 34. Nh3
Kf6 35. Ng5 cxb3 36. axb3 Nc5 37. b4 Nd7 38. Nxe4+ Ke5 39. Ng5 f6 40. Nf7+ Kxd5
41. Bf3+ Kc4 42. Nxd6+ Kb3 43. Bd5+ Kb2 44. Bf7 Nde5 45. Bxh5 Nh2 46. e4 Nf1+
47. Ke1 Ne3 48. Be2 Kxc3 49. Ne8 Kxb4 50. Nxf6 a5 51. h5 a4 52. Kd2 a3 53. Kc1
Kb3 54. Kd2 N5c4+ 55. Kd3 a2 56. Nd7 a1=Q 0-1

[Event "XIII Corsicoscacchi FIDE"]
[Site "Corsico ITA"]
[Date "1997.05.01"]
[Round "2"]
[White "Faraoni, Enrico"]
[Black "Everet, Alexandro"]
[Result "0-1"]
[WhiteElo "2195"]
[BlackElo "2135"]
[PlyCount "74"]
[EventDate "1997.05.01"]

1. f4 d5 2. e3 g6 3. Nf3 Bg7 4. Be2 Nf6 5. O-O O-O 6. d3 c5 7. a4 Nc6 8. Qe1 a6
9. Qh4 Bg4 10. Nbd2 Nb4 11. Bd1 Bxf3 12. Nxf3 c4 13. Bd2 a5 14. Ra3 Nd7 15. Bc3
e6 16. Qh3 cxd3 17. Bxg7 Kxg7 18. cxd3 Qb6 19. Nd4 Nc5 20. Be2 Nc6 21. Nb5 Nxa4
22. d4 Nxb2 23. Rb3 Nc4 24. f5 exf5 25. e4 Nxd4 26. Qc3 Qf6 27. Nxd4 Rac8 28.
Rxf5 Nd2 29. Qxd2 gxf5 30. Nxf5+ Kh8 31. Rh3 dxe4 32. Nd6 Rc6 33. Rh6 Qe5 34.
Nc4 Qa1+ 35. Bf1 Rxc4 36. Qg5 Qg7 37. Qe3 Qd4 0-1

[Event "XIII Corsicoscacchi FIDE"]
[Site "Corsico ITA"]
[Date "1997.05.01"]
[Round "2"]
[White "Marcoli, Paolo"]
[Black "Cazzaniga, Walter"]
[Result "0-1"]
[WhiteElo "2150"]
[BlackElo "2205"]
[PlyCount "156"]
[EventDate "1997.05.01"]

1. e4 e6 2. Nc3 d5 3. Nf3 Nf6 4. e5 Nfd7 5. d4 c5 6. dxc5 Nc6 7. Bf4 Bxc5 8.
Bd3 f6 9. exf6 Qxf6 10. Bg5 Qf7 11. Qe2 O-O 12. Bd2 Nd4 13. Nxd4 Bxd4 14. O-O-O
Nc5 15. f3 a6 16. Be3 Bxe3+ 17. Qxe3 Qc7 18. Kb1 Bd7 19. Rhe1 Rae8 20. Qe5 Qxe5
21. Rxe5 Bc6 22. Rde1 Kf7 23. f4 g6 24. g3 Nd7 25. R5e2 Re7 26. Rf2 Kg7 27. Bf1
e5 28. Rd2 Nb6 29. fxe5 Rfe8 30. b3 Rxe5 31. Rxe5 Rxe5 32. Re2 Kf6 33. Kc1 d4
34. Rf2+ Rf5 35. Rxf5+ Kxf5 36. Bh3+ Ke5 37. Ne2 g5 38. Bg4 Be4 39. Kd2 Nd5 40.
a3 Bxc2 41. Bc8 Bxb3 42. Bxb7 Bc4 43. Nc1 Ne3 44. Nd3+ Bxd3 45. Kxd3 a5 46. Bf3
h6 47. h3 Nf1 48. g4 Ne3 49. a4 Nd5 50. Kc4 Nc3 51. Bc6 Ne4 52. Ba8 Nf2 53. Bg2
Ne4 54. Bh1 d3 55. Kxd3 Nf2+ 56. Kc4 Nxh1 57. Kb5 Nf2 58. Kxa5 Kd5 59. Ka6 Ne4
60. a5 Nc5+ 61. Kb5 Kd6 62. Kb6 Na4+ 63. Kb5 Nc3+ 64. Kb6 Nd5+ 65. Kb7 Kd7 66.
a6 Nc7 67. a7 Na8 68. Kb8 Kc6 69. Kc8 Kb6 70. Kd7 Kxa7 71. Ke6 Nc7+ 72. Kf5 Nd5
73. Ke5 Nf4 74. Kf5 Nxh3 75. Kg6 Kb6 76. Kxh6 Kc5 77. Kg6 Kd4 78. Kf5 Ke3 0-1

[Event "XIII Corsicoscacchi FIDE"]
[Site "Corsico ITA"]
[Date "1997.05.01"]
[Round "2"]
[White "Natalucci, Fabrizio"]
[Black "Radice, Luca"]
[Result "1-0"]
[WhiteElo "2235"]
[BlackElo "2075"]
[PlyCount "93"]
[EventDate "1997.05.01"]

1. d4 Nf6 2. Nf3 g6 3. g3 Bg7 4. c4 d6 5. Nc3 Nbd7 6. Bg2 O-O 7. O-O e5 8. h3
Re8 9. e4 exd4 10. Nxd4 Ne5 11. b3 Bd7 12. f4 Nc6 13. Be3 Nxd4 14. Bxd4 Bc6 15.
Qd3 Nd7 16. Bxg7 Kxg7 17. Nd5 f6 18. Rfe1 Nc5 19. Qc3 Bxd5 20. cxd5 Nd7 21.
Rac1 Rc8 22. Qd4 a5 23. Red1 Nc5 24. e5 b6 25. e6 Ra8 26. g4 Qe7 27. f5 g5 28.
Rc3 b5 29. a3 Reb8 30. b4 Na4 31. Rc6 Nb6 32. Bf1 axb4 33. axb4 Na4 34. Rdc1
Rb7 35. Bxb5 Nb6 36. Bc4 Ra3 37. Bf1 Rba7 38. Bg2 Ra2 39. Qc3 Na8 40. Qc4 R7a3
41. b5 Qd8 42. Ra6 Qb8 43. Rxa3 Qb6+ 44. Kh1 Rxa3 45. Qc6 Qe3 46. Rf1 Ra2 47.
Qd7+ 1-0

[Event "XIII Corsicoscacchi FIDE"]
[Site "Corsico ITA"]
[Date "1997.05.01"]
[Round "2"]
[White "Profumo, Alberto"]
[Black "Grinza, Andrea"]
[Result "1-0"]
[WhiteElo "2163"]
[BlackElo "2275"]
[PlyCount "75"]
[EventDate "1997.05.01"]

1. Nf3 Nf6 2. g3 c5 3. Bg2 Nc6 4. O-O d5 5. d4 e6 6. c4 Be7 7. cxd5 exd5 8. Nc3
O-O 9. dxc5 Bxc5 10. Bg5 Be6 11. Qa4 h6 12. Bxf6 Qxf6 13. Qb5 Qe7 14. Na4 Bd4
15. Nxd4 Nxd4 16. Qd3 Qb4 17. Nc3 Bf5 18. Qd2 Nc2 19. a3 Qa5 20. b4 Qd8 21. Ra2
d4 22. Ne4 Qe7 23. Qxc2 Rac8 24. Qb1 Rc3 25. f3 Rfc8 26. Qd1 Bxe4 27. fxe4 R8c4
28. Qd2 Re3 29. Rc1 Rxe2 30. Rxc4 Rxd2 31. Rxd2 Qg5 32. Rd3 b6 33. Rcxd4 Qc1+
34. Bf1 a5 35. Rd6 axb4 36. axb4 Qe1 37. Rxb6 Qxe4 38. Rd8+ 1-0

[Event "XIII Corsicoscacchi FIDE"]
[Site "Corsico ITA"]
[Date "1997.05.01"]
[Round "2"]
[White "Ranieri, Fabrizio"]
[Black "Piantoni, Roberto"]
[Result "1-0"]
[WhiteElo "2125"]
[BlackElo "2170"]
[PlyCount "35"]
[EventDate "1997.05.01"]

1. e4 e6 2. d4 d5 3. Nc3 Bb4 4. e5 c5 5. a3 Bxc3+ 6. bxc3 Ne7 7. Qg4 Qc7 8.
Qxg7 Rg8 9. Qxh7 cxd4 10. Ne2 Nbc6 11. f4 Bd7 12. Qd3 dxc3 13. Rb1 O-O-O 14.
Nxc3 a6 15. Qxa6 d4 16. Ne4 Qa5+ 17. Qxa5 Nxa5 18. Bd2 1-0

[Event "XIII Corsicoscacchi FIDE"]
[Site "Corsico ITA"]
[Date "1997.05.01"]
[Round "2"]
[White "Sbarra, Marco"]
[Black "Zoldan, Matteo"]
[Result "1-0"]
[WhiteElo "2285"]
[BlackElo "2155"]
[PlyCount "138"]
[EventDate "1997.05.01"]

1. d4 Nf6 2. Nc3 g6 3. e4 d6 4. h3 Bg7 5. Nf3 O-O 6. Be3 a6 7. a4 Nc6 8. d5 Nb4
9. a5 c6 10. Ra4 c5 11. Nb1 b5 12. axb6 a5 13. c3 Na6 14. Nfd2 Qxb6 15. Nc4 Qb7
16. Nbd2 Bd7 17. Rxa5 Nc7 18. Rxa8 Rxa8 19. Bd3 Ba4 20. Qe2 Bb5 21. O-O Qa6 22.
Rd1 e6 23. dxe6 Nxe6 24. e5 Ne8 25. Nf3 d5 26. Nd6 Nxd6 27. exd6 c4 28. Bb1
Qxd6 29. Qd2 Rd8 30. Nd4 Ba4 31. Rf1 Rb8 32. Nxe6 Qxe6 33. f4 Re8 34. Re1 Qd6
35. Kf2 Bf6 36. Bd4 Rxe1 37. Kxe1 Bxd4 38. Qxd4 Qb8 39. Qf2 Qb3 40. Qd2 Qb6 41.
Kf1 Bc6 42. f5 Qb8 43. f6 Qe5 44. Qd4 Qxd4 45. cxd4 Kf8 46. Ke2 Ke8 47. Ke3 Kd7
48. g4 h6 49. Kf4 Ke6 50. g5 hxg5+ 51. Kxg5 Ba4 52. h4 Be8 53. Bf5+ gxf5 54. h5
f4 55. h6 f3 56. h7 f2 57. h8=Q f1=Q 58. Qxe8+ Kd6 59. Qxf7 Qg2+ 60. Kh6 Qxb2
61. Qe7+ Kc6 62. Qe6+ Kc7 63. f7 Qh2+ 64. Kg7 Qg1+ 65. Kh7 Qh2+ 66. Qh6 Qc2+
67. Qg6 Qh2+ 68. Kg7 Qf2 69. f8=Q Qxd4+ 1-0

[Event "XIII Corsicoscacchi FIDE"]
[Site "Corsico ITA"]
[Date "1997.05.01"]
[Round "2"]
[White "Scotti, Umberto"]
[Black "Dorighet, Claudio"]
[Result "1-0"]
[WhiteElo "2130"]
[BlackElo "2090"]
[PlyCount "71"]
[EventDate "1997.05.01"]

1. e4 c5 2. c3 b6 3. d4 Bb7 4. Bd3 Nf6 5. d5 e6 6. c4 b5 7. Nc3 bxc4 8. Bxc4 g6
9. Nf3 exd5 10. Nxd5 Bg7 11. O-O O-O 12. Bg5 h6 13. Nxf6+ Bxf6 14. Bxh6 Bg7 15.
Bxg7 Kxg7 16. Qd6 Qb6 17. Qe5+ Qf6 18. Rad1 Qxe5 19. Nxe5 Bxe4 20. Nxd7 Nxd7
21. Rxd7 Rab8 22. b3 Rb7 23. Rfd1 a5 24. Rxb7 Bxb7 25. Rd7 Bc8 26. Rc7 Rd8 27.
Rxf7+ Kh6 28. Kf1 Rd2 29. a4 Bg4 30. f3 Bf5 31. Rc7 Kg5 32. Rxc5 Kf4 33. Rxa5
Rb2 34. Rd5 Ke3 35. Re5+ Kf4 36. Re2 1-0

[Event "XIII Corsicoscacchi FIDE"]
[Site "Corsico ITA"]
[Date "1997.05.01"]
[Round "2"]
[White "Tomasi, Diego"]
[Black "Mazzotti, Carlo"]
[Result "1-0"]
[WhiteElo "2045"]
[BlackElo "2135"]
[PlyCount "63"]
[EventDate "1997.05.01"]

1. c4 e6 2. Nc3 f5 3. g3 Nf6 4. Bg2 d5 5. Nf3 c6 6. d3 dxc4 7. dxc4 Qxd1+ 8.
Nxd1 Nbd7 9. O-O Bd6 10. Nd4 Nc5 11. Nxc6 O-O 12. Nd4 e5 13. Nb5 Be7 14. Ndc3
e4 15. Nc7 Rb8 16. Bf4 Rd8 17. b4 Ne6 18. Nxe6 Bxe6 19. Bxb8 Rxb8 20. c5 a5 21.
a3 b6 22. Na4 bxc5 23. Nxc5 Bc4 24. Rfc1 Bxe2 25. Rc2 axb4 26. Rxe2 Bxc5 27.
Rc2 Bd4 28. Rb1 b3 29. Rc4 Be5 30. Bf1 b2 31. Rc2 Rb3 32. Bc4+ 1-0

[Event "XIII Corsicoscacchi FIDE"]
[Site "Corsico ITA"]
[Date "1997.05.01"]
[Round "2"]
[White "Ubezio, Marco"]
[Black "Gori, Andrea"]
[Result "1-0"]
[WhiteElo "2180"]
[BlackElo "1954"]
[PlyCount "81"]
[EventDate "1997.05.01"]

1. d4 d6 2. e4 g6 3. Nc3 Bg7 4. f4 c6 5. Nf3 Bg4 6. Be3 Nd7 7. Bc4 e6 8. O-O d5
9. Bd3 Ne7 10. h3 Bxf3 11. Qxf3 dxe4 12. Bxe4 Nf6 13. Bd3 Nf5 14. Bxf5 exf5 15.
Rad1 Nd5 16. Nxd5 Qxd5 17. b3 Qxf3 18. Rxf3 O-O-O 19. c4 Rhe8 20. d5 b6 21. Bd4
Bxd4+ 22. Rxd4 cxd5 23. cxd5 Re4 24. Rc3+ Kb7 25. Rcc4 Rxd4 26. Rxd4 Kc7 27.
Kf2 Re8 28. Ra4 a5 29. Rc4+ Kb7 30. Kf3 Rd8 31. Rd4 Re8 32. Rd1 Rc8 33. Ke3 Rc2
34. Rd2 Rxd2 35. Kxd2 Kc7 36. Kd3 Kd6 37. Kd4 f6 38. Kc4 g5 39. g3 h5 40. h4 a4
41. bxa4 1-0

[Event "XIII Corsicoscacchi FIDE"]
[Site "Corsico ITA"]
[Date "1997.05.02"]
[Round "3"]
[White "Bonugli, Carlo"]
[Black "Oppici, Gabriele"]
[Result "1-0"]
[WhiteElo "2075"]
[BlackElo "2005"]
[PlyCount "75"]
[EventDate "1997.05.01"]

1. e4 g6 2. d4 Bg7 3. c4 c6 4. Nc3 d6 5. Be3 Nd7 6. Nf3 e5 7. Qd2 Qc7 8. O-O-O
h5 9. Ng5 Ngf6 10. h3 O-O 11. f4 Nh7 12. Nf3 Re8 13. g4 Nhf6 14. Rg1 exd4 15.
Bxd4 hxg4 16. hxg4 c5 17. Bf2 Nxe4 18. Nxe4 Rxe4 19. Bd3 Re8 20. f5 Nf8 21. Nh4
b5 22. fxg6 Be6 23. gxf7+ Qxf7 24. Nf5 bxc4 25. Nxg7 Qxg7 26. Bf5 Rab8 27. Be3
c3 28. bxc3 Bc4 29. Bh6 Qf6 30. Bxf8 Rxf8 31. Rh1 Rb7 32. Rh6 Qd8 33. Rg6+ Rg7
34. Rh1 Rxg6 35. Bxg6 Qf6 36. Bf5 Qg7 37. Rh6 Rf6 38. Rh7 1-0

[Event "XIII Corsicoscacchi FIDE"]
[Site "Corsico ITA"]
[Date "1997.05.02"]
[Round "3"]
[White "Cazzaniga, Walter"]
[Black "Profumo, Alberto"]
[Result "1/2-1/2"]
[WhiteElo "2205"]
[BlackElo "2163"]
[PlyCount "46"]
[EventDate "1997.05.01"]

1. d4 Nf6 2. c4 g6 3. Nc3 Bg7 4. e4 d6 5. f3 O-O 6. Be3 e5 7. Nge2 c6 8. Qd2
Nbd7 9. O-O-O a6 10. Bh6 b5 11. h4 Bb7 12. h5 bxc4 13. hxg6 fxg6 14. Bxg7 Kxg7
15. Qh6+ Kg8 16. f4 Qe7 17. dxe5 dxe5 18. f5 Ng4 19. Qxh7+ Qxh7 20. Rxh7 Nc5
21. Rc7 Nd3+ 22. Kb1 Rf7 23. Rxf7 Kxf7 1/2-1/2

[Event "XIII Corsicoscacchi FIDE"]
[Site "Corsico ITA"]
[Date "1997.05.02"]
[Round "3"]
[White "Everet, Alexandro"]
[Black "Sbarra, Marco"]
[Result "0-1"]
[WhiteElo "2135"]
[BlackElo "2285"]
[PlyCount "48"]
[EventDate "1997.05.01"]

1. d4 Nf6 2. c4 e6 3. g3 d5 4. cxd5 exd5 5. Nf3 Bd6 6. Bg2 O-O 7. O-O Re8 8.
Nc3 c6 9. Bg5 Nbd7 10. Re1 h6 11. Bd2 Ne4 12. h4 Ndf6 13. Nxe4 Nxe4 14. Nh2 Bf5
15. Bxe4 Bxe4 16. Qc1 Qf6 17. Ng4 Qe6 18. Nxh6+ gxh6 19. Bxh6 Kh7 20. Bf4 Rg8
21. f3 Qh3 22. Kf2 Rxg3 23. Rf1 Qxh4 24. fxe4 Rc3+ 0-1

[Event "XIII Corsicoscacchi FIDE"]
[Site "Corsico ITA"]
[Date "1997.05.02"]
[Round "3"]
[White "Facchetti, Gianni"]
[Black "Capece, Adolivio"]
[Result "1/2-1/2"]
[WhiteElo "2125"]
[BlackElo "1955"]
[PlyCount "125"]
[EventDate "1997.05.01"]

1. e4 c5 2. Nf3 Nc6 3. d3 g6 4. Be2 Bg7 5. Nbd2 d6 6. c3 Bd7 7. Nf1 Nf6 8. Ng3
h5 9. h3 b5 10. Qc2 b4 11. Bd2 a5 12. a4 Qb6 13. Nf1 e6 14. Ne3 d5 15. O-O Qc7
16. Rfe1 O-O 17. cxb4 Nxb4 18. Bxb4 axb4 19. b3 Rfc8 20. Rac1 Qb7 21. e5 Ne8
22. Qb2 Qa7 23. Ra1 Nd6 24. Nd2 Nb7 25. g4 h4 26. g5 Nd6 27. Ng4 Nf5 28. Nf3
Bc6 29. Qd2 Rab8 30. Qf4 c4 31. dxc4 dxc4 32. Bxc4 Qb7 33. Nfh2 Rd8 34. Rad1
Qc7 35. Nf1 Rxd1 36. Rxd1 Rd8 37. Rxd8+ Qxd8 38. Nf6+ Kf8 39. Bb5 Nd4 40. Kh2
Nf3+ 41. Kh1 Qd4 42. Qxd4 Nxd4+ 43. Bxc6 Nxc6 44. f4 Ke7 45. Kg2 Kd8 46. Kf3
Nd4+ 47. Kg4 Nxb3 48. Kxh4 Nc5 49. a5 b3 50. Nd2 b2 51. Nb1 Bf8 52. Kg4 Na6 53.
Ne4 Bb4 54. Ned2 Bxa5 55. Nc4 Bb4 56. Nxb2 Nc5 57. h4 Ke8 58. h5 gxh5+ 59. Kxh5
Kf8 60. Kh6 Be1 61. g6 fxg6 62. Kxg6 Bg3 63. Kg5 1/2-1/2

[Event "XIII Corsicoscacchi FIDE"]
[Site "Corsico ITA"]
[Date "1997.05.02"]
[Round "3"]
[White "Faraoni, Enrico"]
[Black "Podini, Francesco"]
[Result "0-1"]
[WhiteElo "2195"]
[BlackElo "2010"]
[PlyCount "64"]
[EventDate "1997.05.01"]

1. f4 d5 2. Nf3 Nf6 3. e3 g6 4. b4 Bg7 5. Bb2 O-O 6. Be2 Bg4 7. O-O Nbd7 8. Na3
c5 9. bxc5 Nxc5 10. c4 dxc4 11. Nxc4 Rc8 12. Nfe5 Bxe2 13. Qxe2 b5 14. Na3 a6
15. Rac1 Qd5 16. Bd4 Ne6 17. Nc2 Qxa2 18. Nb4 Nxd4 19. exd4 Qe6 20. Ra1 Qd6 21.
Nxa6 Qxd4+ 22. Kh1 Nd5 23. Qxb5 Nxf4 24. Nc6 Qe4 25. Rxf4 Qxf4 26. Rf1 Qd6 27.
Nab4 Bf6 28. Qc4 Kg7 29. d4 h5 30. d5 Ra8 31. Nd3 Ra3 32. Nd4 Qa6 0-1

[Event "XIII Corsicoscacchi FIDE"]
[Site "Corsico ITA"]
[Date "1997.05.02"]
[Round "3"]
[White "Grinza, Andrea"]
[Black "Dorighet, Claudio"]
[Result "1-0"]
[WhiteElo "2275"]
[BlackElo "2090"]
[PlyCount "39"]
[EventDate "1997.05.01"]

1. d4 f5 2. e4 fxe4 3. Nc3 Nf6 4. f3 d5 5. fxe4 dxe4 6. Bg5 Bf5 7. Bc4 Nbd7 8.
Nge2 Nb6 9. Bb3 Qd7 10. O-O O-O-O 11. Qe1 h6 12. Bf4 e6 13. Rd1 Nbd5 14. Nxd5
Nxd5 15. Bc1 Bd6 16. c4 Nb4 17. c5 Nd3 18. Qa5 Be7 19. Qxa7 Qb5 20. Rxf5 1-0

[Event "XIII Corsicoscacchi FIDE"]
[Site "Corsico ITA"]
[Date "1997.05.02"]
[Round "3"]
[White "Mazzotti, Carlo"]
[Black "Gori, Andrea"]
[Result "0-1"]
[WhiteElo "2135"]
[BlackElo "1954"]
[PlyCount "90"]
[EventDate "1997.05.01"]

1. e4 e5 2. Nf3 Nc6 3. Bb5 a6 4. Bxc6 dxc6 5. O-O Bg4 6. h3 h5 7. d3 Bxf3 8.
Qxf3 Qf6 9. Qxf6 Nxf6 10. Be3 c5 11. Nd2 Nd7 12. f4 f6 13. fxe5 Nxe5 14. Nf3
Ng6 15. c3 O-O-O 16. d4 cxd4 17. cxd4 Re8 18. Nd2 Bb4 19. Rae1 Rd8 20. Rf2 Rhe8
21. d5 Rxe4 22. Nxe4 Bxe1 23. Re2 Bb4 24. a3 Bd6 25. Bc5 Nf4 26. Rc2 Bxc5+ 27.
Nxc5 Rxd5 28. b4 Re5 29. Rf2 Ne6 30. Nxe6 Rxe6 31. Rf3 Re5 32. Kf2 a5 33. bxa5
Rxa5 34. Rd3 Re5 35. Kf3 b5 36. Kf4 c5 37. Rb3 c4 38. Rc3 g5+ 39. Kf3 Rc5 40.
Ke3 Kd7 41. Kd4 Rf5 42. Ke4 Ke6 43. g3 h4 44. Kd4 Rd5+ 45. Ke3 hxg3 0-1

[Event "XIII Corsicoscacchi FIDE"]
[Site "Corsico ITA"]
[Date "1997.05.02"]
[Round "3"]
[White "Piantoni, Roberto"]
[Black "Castaldo, Folco"]
[Result "1/2-1/2"]
[WhiteElo "2170"]
[BlackElo "1987"]
[PlyCount "29"]
[EventDate "1997.05.01"]

1. d4 g6 2. Nf3 Bg7 3. e3 d5 4. Be2 Nf6 5. O-O O-O 6. Nbd2 Nbd7 7. c4 c6 8. b3
Re8 9. Bb2 Ne4 10. cxd5 Nxd2 11. Qxd2 cxd5 12. Rac1 Nf6 13. Qc3 Bf5 14. Qb4 Qb6
15. Qb5 1/2-1/2

[Event "XIII Corsicoscacchi FIDE"]
[Site "Corsico ITA"]
[Date "1997.05.02"]
[Round "3"]
[White "Rossi, Giampiero"]
[Black "Duarte, Riccardo"]
[Result "1-0"]
[WhiteElo "2140"]
[BlackElo "2010"]
[PlyCount "111"]
[EventDate "1997.05.01"]

1. d4 d5 2. c4 dxc4 3. Nf3 Nc6 4. e3 Bg4 5. Bxc4 e6 6. Nc3 Nf6 7. h3 Bh5 8. Be2
a6 9. O-O Be7 10. b3 O-O 11. Bb2 h6 12. Rc1 Rc8 13. Na4 Ne4 14. a3 Nb8 15. b4
Bf6 16. Nc5 Nxc5 17. Rxc5 Bg6 18. Qb3 Nd7 19. Rcc1 Be4 20. Nd2 Bd5 21. Qc2 Bg5
22. Ne4 f5 23. Nc3 Bc6 24. Bc4 Qe7 25. Qb3 Rce8 26. d5 b5 27. dxc6 bxc4 28.
Qxc4 Nb8 29. Ne2 Kh8 30. a4 e5 31. b5 axb5 32. axb5 f4 33. exf4 exf4 34. Rce1
Qd6 35. Qd4 Qxd4 36. Nxd4 Rxe1 37. Rxe1 Bf6 38. Ba1 Rd8 39. Ne6 Re8 40. Bxf6
gxf6 41. f3 Kg8 42. Re2 Kf7 43. Nxf4 Re5 44. Rb2 Rc5 45. Kf2 f5 46. Nd3 Rc3 47.
Ke3 Kf6 48. Kd4 Ra3 49. Nb4 Ke6 50. Kc4 Re3 51. Rd2 Re1 52. Rd8 Rc1+ 53. Kb3
Rb1+ 54. Kc3 Rg1 55. Rxb8 Rxg2 56. b6 1-0

[Event "XIII Corsicoscacchi FIDE"]
[Site "Corsico ITA"]
[Date "1997.05.02"]
[Round "3"]
[White "Scotti, Umberto"]
[Black "Natalucci, Fabrizio"]
[Result "1/2-1/2"]
[WhiteElo "2130"]
[BlackElo "2235"]
[PlyCount "29"]
[EventDate "1997.05.01"]

1. e4 Nf6 2. Nc3 e5 3. f4 d5 4. fxe5 Nxe4 5. Nf3 Be7 6. d4 Be6 7. Bd3 Nxc3 8.
bxc3 c5 9. O-O c4 10. Be2 h6 11. a4 Nc6 12. Ba3 Qa5 13. Qd2 Bxa3 14. Rxa3 O-O-O
15. Raa1 1/2-1/2

[Event "XIII Corsicoscacchi FIDE"]
[Site "Corsico ITA"]
[Date "1997.05.02"]
[Round "3"]
[White "Zoldan, Matteo"]
[Black "Vicari, Luigi"]
[Result "1/2-1/2"]
[WhiteElo "2155"]
[BlackElo "2085"]
[PlyCount "38"]
[EventDate "1997.05.01"]

1. e4 e5 2. Nc3 d6 3. Bc4 Be7 4. d3 Nc6 5. f4 exf4 6. Bxf4 Nf6 7. Nf3 Bg4 8. h3
Bxf3 9. Qxf3 Na5 10. Bb3 Nxb3 11. axb3 Nd7 12. O-O O-O 13. Nd5 Nb6 14. Nxe7+
Qxe7 15. Qg3 Nd7 16. Ra5 f6 17. Re1 Ne5 18. Raa1 Ng6 19. Ra5 Ne5 1/2-1/2